|
|
|
|
| LEADER |
00000nab a2200000 a 4500 |
| 001 |
vtls000797496 |
| 003 |
SK-MaSNL |
| 005 |
20260302155349.0 |
| 008 |
180206c2002 xo 0 slo |
| 015 |
|
|
|a SNBRB2002/06-19265
|
| 035 |
|
|
|a CLN000149151
|
| 040 |
|
|
|a SNKBUCL
|b slo
|c SNKBUCL
|e AACR2
|
| 041 |
0 |
|
|a slo
|
| 044 |
|
|
|a xo
|c SK
|
| 080 |
|
|
|a 323(437.6):324
|2 UDC-MRF-SK2
|
| 100 |
1 |
|
|a Slišková, Nora
|4 aut
|9 266806
|
| 245 |
1 |
0 |
|a Voľby budú o 122 dní
|c Nora Slišková
|
| 650 |
0 |
7 |
|a parlamentné voľby
|z Slovensko
|2 snkbucl
|9 14335
|
| 651 |
|
7 |
|a Slovensko
|x politika vnútorná
|y 2002
|2 snkbucl
|9 839425
|
| 655 |
|
7 |
|a články z novín a časopisov
|2 snkbucl
|9 267496
|
| 773 |
0 |
|
|x 1335-4051
|t Pravda
|g Roč. 12, č. 117 (22.5.2002), s. 1 a 2
|
| 850 |
|
|
|a Slovenská národná knižnica v Martine
|
| 852 |
|
|
|a SNK
|b KIS3GCP
|
| 958 |
|
|
|a RBX
|
| 999 |
|
|
|c 1371237
|d 1373167
|